Pokémon-Quel est le nom de ce Badge? - Statistiques

Statistiques générales
  • Ce quiz a été pris 36 fois
  • Le résultat moyen est 10 sur 16
Statistiques - réponses
Par images Réponse % Correct
Badge Cascade
90%
Badge Coléoptère
90%
Badge Triple
76%
Badge Mur
69%
Badge Mythe
69%
Badge Terre
69%
Badge Volt
69%
Badge Pluie
66%
Badge Phare
59%
Badge Balancier
55%
Badge Fantôme
55%
Badge Jet
55%
Badge Lever
55%
Badge Chaleur
52%
Badge Ténèbres
45%
Badge Zephyr
41%
Aucun quiz correspondant
Distribution des résultats
% des personnes avec chaque résultat
Percentile par nombre de réponses
Votre historique - résultats
Vous n’avez pas pris ce quiz